| 000 -ლიდერი |
| ფიქსირებული სიგრძის საკონტროლო ველი |
01410nam a2200265Ia 4500 |
| 001 - საკონტროლო ნომერი |
| საკონტროლო ველი |
22310 |
| 003 - საკონტროლო ნომრის იდენტიფიკატორი |
| საკონტროლო ველი |
GE_BSU |
| 005 - ბოლო ოპერაციის თარიღი და დრო |
| საკონტროლო ველი |
20250807161238.0 |
| 008 - ფიქსირებული სიგრძის მონაცემთა ელემენტები - ზოგადი ინფორმაცია |
| ფიქსირებული სიგრძის საკონტროლო ველი |
181216s2007||||ge |||||||||||||| ||geo|| |
| 020 ## - წიგნის საერთაშორისო სტანდარტული ნომერი |
| International Standard Book Number |
978-99940-68-33-3 |
| 040 ## - კატალოგიზაციის წყარო |
| Transcribing agency |
GE_BSU |
| 041 ## - ენის კოდი |
| Language code of text/sound track or separate title |
geo |
| 080 ## - უნივერსალური ათობითი კლასიფიკაციის ინდექსი |
| Universal Decimal Classification number |
27-23(031) ი-67 |
| 245 ## - ცნობა სათაურის შესახებ |
| Title |
მცირე ბიბლიური ენციკლოპედია : ყველა ასაკის მორწმუნეთათვის : |
| Remainder of title |
[კრებული] / |
| Statement of responsibility, etc |
შემდგ., რედ. და გამომც. ვახტანგ ჟღენტი. |
| 264 ## - წარმოების, გამოცემის, დისტრიბუციის და სხვა ცნობები |
| გამოცემის, წარმოების, დისტრიბუციის... ადგილი |
თბილისი : |
| გამოცემის, წარმოების, დისტრიბუციის... სახელწოდება |
ვახტანგ ჟღენტი, |
| გამოცემის, წარმოების, დისტრიბუციის... თარიღი |
2007. |
| 300 ## - ფიზიკური აღწერა |
| Extent |
195 გვ. : |
| Other physical details |
ილ. ; |
| Dimensions |
28 სმ.. |
| 490 ## - სერიის ცნობა |
| Series statement |
უცნაურ ამბავთა კრებული-ს ბოლო ; მე-7, I ნაწ. : მესია! ; II ნაწ. : ენციკლოპედიის საკითხავი კარედი |
| 653 ## - INDEX TERM--UNCONTROLLED |
| Uncontrolled term |
ბიბლიური ენციკლოპედია |
| 653 ## - INDEX TERM--UNCONTROLLED |
| Uncontrolled term |
რელიგია |
| 653 ## - INDEX TERM--UNCONTROLLED |
| Uncontrolled term |
ქრისტიანობა |
| 653 ## - INDEX TERM--UNCONTROLLED |
| Uncontrolled term |
კრებული |
| 653 ## - INDEX TERM--UNCONTROLLED |
| Uncontrolled term |
მცირე ბიბლიური ენციკლოპედია : ყველა ასაკის მორწმუნეთათვის |
| 942 ## - ADDED ENTRY ELEMENTS (KOHA) |
| Koha item type |
წიგნი |
| Source of classification or shelving scheme |
|